| 000 | 00492nam a2200181Ia 4500 | ||
|---|---|---|---|
| 001 | 8725 | ||
| 003 | IN-NITTTR | ||
| 005 | 20251114233040.0 | ||
| 008 | 251113s9999||||xx |||||||||||||| ||eng|| | ||
| 040 | _beng | ||
| 040 | _cIN-NITTTR | ||
| 041 | _aeng | ||
| 082 | _a621.4021 S17T | ||
| 100 | _aSears, Francis W. | ||
| 245 | 0 |
_aThermodynamics, kinetic theory, and statistical thermodynamics / _cSears, Francis W., Salinger, Gerhard L. |
|
| 700 | _a Salinger, Gerhard L. | ||
| 942 |
_2ddc _cBK |
||
| 999 |
_c11362 _d11362 |
||